| 000 | 01384nam a22002777a 4500 | ||
|---|---|---|---|
| 005 | 20100906104624.0 | ||
| 008 | 100906t xxu||||| |||| 00| 0 hin d | ||
| 010 | _aHIN-90410 | ||
| 020 |
_c90.00 _a9788123758503 |
||
| 035 | _aHN-62756 | ||
| 037 | _bDBAD/PUN | ||
| 040 |
_aDPL _bHN |
||
| 082 | _aक | ||
| 100 | _918464 | ||
| 245 |
_aपूर्वोत्तरःआदिवासी सृजन मिथक एवं लोककथाएं / _cरमणिका गुप्ता द्वारा संपादित एवं संकलित |
||
| 260 |
_aनई दिल्ली _bनेशनल बुक ट्रस्ट _c2010 |
||
| 270 |
_aनेहरू भवन, 5 इंस्टीटयूशनल एरिया, फेज-11, वसंतकुंज _bनई दिल्ली _e110071 |
||
| 300 |
_aतीस,221पृ. _c22सेमी (सजिल्द) |
||
| 490 |
_aलोक संस्कृति और साहित्य _919161 |
||
| 650 |
_91169 _aलघु कथाएं, हिन्दी |
||
| 650 | _918465 | ||
| 700 |
_918865 _aगुप्ता, रमणिका |
||
| 700 | _918866 | ||
| 942 |
_2ddc _cHN _hक _mपूर्वोत |
||
| 999 |
_c44814 _d44814 |
||